| 000 | 00984cam a22002651 4500 | ||
|---|---|---|---|
| 001 | 15628 | ||
| 003 | BD-RjUL | ||
| 005 | 20211208235846.0 | ||
| 008 | 140210s1960 enka b 100 0 eng | ||
| 035 | _a(BD-RjUL)15683 | ||
| 040 |
_aDLC/ICU _cBD-RjUL _dBD-RjUL _beng |
||
| 041 | _aeng | ||
| 082 | 0 | 0 |
_a621.38 _bSOI 1960 _223 |
| 245 | 1 | 0 |
_aSolid state physics in electronics and telecommunications : _bproceedings of an international conference held in Brussels, June 2-7, 1958 / _cEdited by M. Désirant [and] J.L. Michiels. |
| 260 |
_aLondon, _aNew York : _bAcademic Press, _c1960 |
||
| 300 |
_av. : _bill. ; _c26 cm. |
||
| 504 | _aIncludes bibliographies. | ||
| 505 | _aVol. 1 -- V. 2 -- 3. -- V. 4-- | ||
| 650 | 0 |
_aElectronics _xCongresses. _948521 |
|
| 650 | 0 |
_aTelecommunication _xCongresses. _926968 |
|
| 650 | 0 |
_aSolid state physics _xCongresses. _948522 |
|
| 700 | 1 |
_aDésirant, M., _eed. _926970 |
|
| 700 | 1 |
_aMichiels, J. L. _q(John Louis), _d1915- _eed. _926971 |
|
| 942 |
_2ddc _cBK |
||
| 999 |
_c15628 _d15628 |
||